| 000 | 00671nam a2200229Ia 4500 | ||
|---|---|---|---|
| 003 | OSt | ||
| 005 | 20220928112544.0 | ||
| 006 | a|||||r|||| 00| 0 | ||
| 007 | ta | ||
| 008 | 220927b |||||||| |||| 00| 0 eng d | ||
| 024 | _a27137 | ||
| 037 | _cReference Collections | ||
| 040 |
_aSDCL _cSDCL _beng |
||
| 041 |
_2eng _aeng |
||
| 082 | _aO-973,1x, L6 RR | ||
| 100 |
_aEllmann Richard Ed. _9428744 |
||
| 245 | 0 | _aNew Oxford book of Ameraican verse. | |
| 260 |
_aNew York _b Oxford University Press _c1976 |
||
| 300 |
_aliv,1076p _ccm. |
||
| 942 |
_hO-973,1x, L6 RR _cREF _2CC |
||
| 999 |
_c745268 _d745268 |
||